Bridgers English Reader-I (Record no. 3264)

MARC details
000 -LEADER
fixed length control field 00240nam a22000857a 4500
008 - FIXED-LENGTH DATA ELEMENTS--GENERAL INFORMATION
fixed length control field 160916b xxu||||| |||| 00| 0 eng d
100 ## - MAIN ENTRY--PERSONAL NAME
9 (RLIN) 606
Personal name Balasubramaniam.P.
245 ## - TITLE STATEMENT
Title Bridgers English Reader-I
260 ## - PUBLICATION, DISTRIBUTION, ETC. (IMPRINT)
Place of publication, distribution, etc. New Delhi
Name of publisher, distributor, etc. Frank Publications
Date of publication, distribution, etc. 2012
Holdings
Withdrawn status Lost status Source of classification or shelving scheme Damaged status Koha normalized classification for sorting Not for loan Home library Current library Shelving location Date acquired Total Checkouts Full call number Barcode Date last seen Price effective from Koha item type
    Dewey Decimal Classification   420_000000000000000   Good Samaritan School Library Good Samaritan School Library English 09/16/2016   420 BAL9898 09/16/2016 09/16/2016 BOOK

Powered by Koha